[Event "FRA-ch U14"]
[Site "Saint Paul Trois Chateaux"]
[Date "2013.05.05"]
[Round "8"]
[White "Georges, Thomas"]
[Black "Chesterkine, Vassili"]
[Result "1/2-1/2"]
[WhiteElo "1787"]
[BlackElo "1756"]
[PlyCount "142"]
[EventDate "2013.04.28"]
[EventType "swiss"]
[EventRounds "9"]
[EventCountry "FRA"]
[SourceTitle "CBM 154 Extra"]
[Source "ChessBase"]
[SourceDate "2013.06.25"]
[SourceVersion "2"]
[SourceVersionDate "2013.06.25"]
[SourceQuality "1"]

1. e4 c5 2. Nf3 d6 3. Bb5+ Bd7 4. Bxd7+ Qxd7 5. c4 Nc6 6. 0-0 Nf6 7. Nc3 g6 8. d4 cxd4 9. Nxd4 Bg7 10. Nde2 0-0 11. f3 Rfc8 12. Be3 Rab8 13. b3 a6 14. a4 b6 15. Ra2 Rd8 16. Rd2 Qb7 17. Qb1 Rbc8 18. Rfd1 Ne5 19. Nf4 Bh6 20. Nfd5 Nxd5 21. Nxd5 Bxe3+ 22. Nxe3 b5 23. f4 Qb6 24. fxe5 Qxe3+ 25. Kh1 bxc4 26. bxc4 Rxc4 27. exd6 exd6 28. Rxd6 Rxd6 29. Qb8+ Kg7 30. Qxd6 Qxe4 31. Qxa6 Rxa4 32. Qd6 Ra2 33. Qg3 Re2 34. Qc3+ Kh6 35. Qh3+ Kg7 36. Qc3+ Qe5 37. Qxe5+ Rxe5 38. h3 g5 39. Kh2 Re3 40. Rd5 Kg6 41. Rd6+ f6 42. g4 Rf3 43. Kg2 Rf4 44. Kg3 h5 45. Ra6 hxg4 46. hxg4 Kf7 47. Rb6 Ke7 48. Ra6 Kd7 49. Rb6 Kc7 50. Re6 Kd7 51. Rb6 Ke7 52. Ra6 Rd4 53. Rb6 Rd3+ 54. Kg2 Rd6 55. Rb5 Ke6 56. Rf5 Rd5 57. Rf1 Rd2+ 58. Kg3 Rd3+ 59. Kg2 Rd5 60. Kg3 Re5 61. Rf2 f5 62. gxf5+ Rxf5 63. Rxf5 Kxf5 64. Kf3 g4+ 65. Kg3 Kg5 66. Kg2 Kf4 67. Kf2 g3+ 68. Kg2 Kg4 69. Kg1 Kf3 70. Kf1 g2+ 71. Kg1 Kg3 1/2-1/2

[Event "FRA-ch U12"]
[Site "Montlucon"]
[Date "2011.04.17"]
[Round "1"]
[White "Georges, Thomas"]
[Black "Lafortune, Emerick"]
[Result "1/2-1/2"]
[WhiteElo "1554"]
[BlackElo "1780"]
[PlyCount "36"]
[EventDate "2011.04.17"]
[EventType "swiss"]
[EventRounds "9"]
[EventCountry "FRA"]
[SourceTitle "CBM 142 Extra"]
[Source "ChessBase"]
[SourceDate "2011.06.27"]
[SourceVersion "1"]
[SourceVersionDate "2011.06.27"]
[SourceQuality "1"]

1. d4 Nf6 2. Nf3 g6 3. g3 Bg7 4. Bg2 d5 5. 0-0 0-0 6. c4 c6 7. cxd5 cxd5 8. Nc3 Nc6 9. e3 Bf5 10. Qb3 Rb8 11. Nh4 Be6 12. a3 Qd7 13. Re1 Rfd8 14. Qc2 Rbc8 15. Qd2 Bh3 16. Bh1 Be6 17. Nf3 Ne8 18. Ng5 Nc7 1/2-1/2